000 00647nam a2200277Ia 4500
005 20260320195656.0
008 008 262003s9999 xx 000 0 hin d
020 _a9789360866327
037 _aEBOOK
040 _aCRL
040 _bhin
040 _cCRL
041 _2hin
041 _ahin
084 _qCRL
100 _aमहेंद्र मधुकर
_91132762
245 0 _aवक्रतुण्ड
250 _a1st
260 _bRajkamal
260 _c2024
300 _a256
856 _uhttps://ebook.indiaread.in/pdfs/9789360866327.pdf
942 _cEBOOK
999 _c1715898
_d1715898